000 00305nam a2200121Ia 4500
008 240731s9999 xx 000 0 und d
022 _a2165-3488
245 0 _aJournal of Graphics Tools
260 _bTaylor & Francis
856 _uhttps://www.tandfonline.com/loi/ujgt21
942 _2ddc
942 _cTFEJ
999 _c77768
_d77768
945 _a1
_bMadushi Gamage
_c1
_dMadushi Gamage